000 00589nam a22002297a 4500
003 UA-OsUOA
001 42431
007 ta
008 20090128b un ||||| |||| 00| 0 ukr d
100 _aТетеренко Андрій
090 _a222/224
_bТ37
942 _cBK
040 _aUA-OsUOA
_bukr
_cUA-OsUOA
_dUA-OsUOA
245 _aВстановлення Старого заповіту
300 _a88 с.
955 _a4
041 _aukr
080 _a222/224
260 _aВінніпег
_c1979
650 7 _a22 Біблія. Святе писання
_2UDC
999 _c440932
_d440932